What is the story of our flag? / (Record no. 1815)

MARC details
000 -LEADER
fixed length control field 01495cam a2200421 a 4500
001 - CONTROL NUMBER
control field 1815
003 - CONTROL NUMBER IDENTIFIER
control field FISKH
005 - DATE AND TIME OF LATEST TRANSACTION
control field 20231004083310.0
008 - FIXED-LENGTH DATA ELEMENTS--GENERAL INFORMATION
fixed length control field 080627s2009 nyuab j b 001 0 eng
010 ## - LIBRARY OF CONGRESS CONTROL NUMBER
LC control number 2008028623
020 ## - INTERNATIONAL STANDARD BOOK NUMBER
International Standard Book Number 9780531210932 (lib. bdg.)
020 ## - INTERNATIONAL STANDARD BOOK NUMBER
International Standard Book Number 0531210936 (lib. bdg.)
035 ## - SYSTEM CONTROL NUMBER
System control number (OCoLC)ocn233485099
040 ## - CATALOGING SOURCE
Original cataloging agency DLC
Transcribing agency DLC
Modifying agency IG#
-- BTCTA
-- JED
-- JQQ
-- DLC
Language of cataloging eng
042 ## - AUTHENTICATION CODE
Authentication code lcac
043 ## - GEOGRAPHIC AREA CODE
Geographic area code n-us---
050 00 - LIBRARY OF CONGRESS CALL NUMBER
Classification number CR113
Item number .B37 2009
082 00 - DEWEY DECIMAL CLASSIFICATION NUMBER
Classification number 929.9/20973
Edition number 22
100 1# - MAIN ENTRY--PERSONAL NAME
Personal name Behrens, Janice,
Dates associated with a name 1972-
245 10 - TITLE STATEMENT
Title What is the story of our flag? /
Statement of responsibility, etc. by Janice Behrens.
246 3# - VARYING FORM OF TITLE
Title proper/short title What's the story of our flag?
260 ## - PUBLICATION, DISTRIBUTION, ETC.
Place of publication, distribution, etc. New York :
Name of publisher, distributor, etc. Scholastic ,
Date of publication, distribution, etc. 2009.
300 ## - PHYSICAL DESCRIPTION
Extent 24 pages :
Other physical details color illustrations ; maps ;
Dimensions 22 cm.
490 1# - SERIES STATEMENT
Series statement American symbols
490 1# - SERIES STATEMENT
Series statement Scholastic news nonfiction readers
505 ## - FORMATTED CONTENTS NOTE
Formatted contents note N<br/>
520 ## - SUMMARY, ETC.
Summary, etc. An introduction to the history of the U.S. flag.
521 8# - TARGET AUDIENCE NOTE
Target audience note 570<br/>
Source Lexile<br/>
521 8# - TARGET AUDIENCE NOTE
Target audience note N<br/>
Source Raz-Plus<br/>
650 #0 - SUBJECT ADDED ENTRY--TOPICAL TERM
Topical term or geographic name entry element Flags
Geographic subdivision United States
Form subdivision Juvenile literature.
650 #1 - SUBJECT ADDED ENTRY--TOPICAL TERM
Topical term or geographic name entry element Flags.
830 #0 - SERIES ADDED ENTRY--UNIFORM TITLE
Uniform title American symbols (Children's Press)
830 #0 - SERIES ADDED ENTRY--UNIFORM TITLE
Uniform title Scholastic news nonfiction readers.
856 41 - ELECTRONIC LOCATION AND ACCESS
Materials specified Table of contents only
Uniform Resource Identifier <a href="http://www.loc.gov/catdir/toc/ecip0822/2008028623.html">http://www.loc.gov/catdir/toc/ecip0822/2008028623.html</a>
906 ## - LOCAL DATA ELEMENT F, LDF (RLIN)
a 7
b cbc
c orignew
d 1
e ecip
f 20
g y-gencatlg
942 ## - ADDED ENTRY ELEMENTS (KOHA)
Source of classification or shelving scheme Dewey Decimal Classification
Koha item type Books
Suppress in OPAC No
Holdings
Withdrawn status Lost status Source of classification or shelving scheme Damaged status Not for loan Collection Home library Current library Shelving location Date acquired Total Checkouts Full call number Barcode Date last seen Date last checked out Copy number Price effective from Koha item type
    Dewey Decimal Classification     Non-Fiction Footprints International School Library Network Toul Kork Campus Footprints International School Library Network Toul Kork Campus TK Primary Library Room(4th Floor), Bookcase 3&4, Shelves 17-32, Yellow Books 10/04/2023 1 BEH 929.9 CR113.B37 FISBK057013 06/04/2024 10/23/2023 1 10/04/2023 Books
    Dewey Decimal Classification     Non-Fiction Footprints International School Library Network Toul Kork Campus Footprints International School Library Network Toul Kork Campus   10/04/2023 2 BEH 929.9 CR113.B37 FISBK057010 03/19/2024 03/04/2024 2 10/04/2023 Books